00670nam a2200229 a 4500001001300000003000900013005001700022008004100039020000800080082001500088245004800103260004400151300000900195500003500204505000800239650002700247710002500274902000800299942000700307952011100314999001500425nice12345678IN_TiNIC20260116011911.0050524s1971 bana grp 000 0 tel  ac500a232.9bUBS aNavaloka Nirmata, the Man You Cannot Ignore aBangalorebBible Society of Indiac1971 a111p aincludes index and biblioraphy2 aill aJesus Christ-Biography2 aUnited Bible Society bSRS cBK 001040708StackRoom-aHMIbHMId2007-06-19g5.00l0o232.9 UBSp07526r2007-06-19v5.00w2005-05-24yBK c4814d4814